Southville International School and Colleges
Your cart is empty.
  • Cart
  • Lists
    Public lists Eva Luna New books Lux_list list_1
    Your lists Log in to create your own lists
  • Log in to your account
  • Your cookies
  • Search history
Southville International School and Colleges
  • Advanced search
  • Recent comments
  • Most popular
  • Libraries

Log in to your account

Log in with GOOGLE


If you do not have an external account, but do have a local account, you can still log in:

  1. Home
  2. MARC view: The law on negotiable instruments :
Normal view MARC view ISBD view

The law on negotiable instruments : (Record no. 24538)

[ view plain ]
MARC details
000 -LEADER
fixed length control field 00582nam a2200205 a 4500
003 - CONTROL NUMBER IDENTIFIER
control field OSt
005 - DATE AND TIME OF LATEST TRANSACTION
control field 20140507151419.0
008 - FIXED-LENGTH DATA ELEMENTS--GENERAL INFORMATION
fixed length control field 111018s19uu xx 00 eng d
020 ## - INTERNATIONAL STANDARD BOOK NUMBER
International Standard Book Number 9789712353376
050 ## - LIBRARY OF CONGRESS CALL NUMBER
Classification number KPM 880
Item number .D4 2011
100 ## - MAIN ENTRY--PERSONAL NAME
Personal name De Leon, Hector S.
245 ## - TITLE STATEMENT
Title The law on negotiable instruments :
Remainder of title with documents of title /
Statement of responsibility, etc Hector S. De Leon.
250 ## - EDITION STATEMENT
Edition statement 2009 ed.
260 ## - PUBLICATION, DISTRIBUTION, ETC. (IMPRINT)
Place of publication, distribution, etc Quezon City :
Name of publisher, distributor, etc Rex Printing Company,
Date of publication, distribution, etc c2011.
300 ## - PHYSICAL DESCRIPTION
Extent 413 p. :
Dimensions 22 cm.
521 ## - TARGET AUDIENCE NOTE
Target audience note
650 ## - SUBJECT ADDED ENTRY--TOPICAL TERM
Topical term or geographic name as entry element Negotiable instruments
942 ## - ADDED ENTRY ELEMENTS (KOHA)
Koha item type Books
Source of classification or shelving scheme Library of Congress Classification
Call number prefix Filipininana
Holdings
Withdrawn status Lost status Source of classification or shelving scheme Damaged status Home library Current library Shelving location Date acquired Source of acquisition Total Checkouts Total Renewals Full call number Barcode Date last seen Date checked out Copy number Koha item type
    Library of Congress Classification   College Library College Library Filipiniana Section 03/19/2013 Library Fund 9 104 KPM 880 .D4 2011 C16723 12/18/2020 11/16/2020 1 Books

The law on negotiable instruments :

APA

De Leon H. S., . (2011). The law on negotiable instruments. Quezon City: Rex Printing Company.

Chicago

De Leon Hector S, . 2011. The law on negotiable instruments. Quezon City: Rex Printing Company.

Harvard

De Leon H. S., . (2011). The law on negotiable instruments. Quezon City: Rex Printing Company.

MLA

De Leon Hector S, . The law on negotiable instruments. Quezon City: Rex Printing Company. 2011.

  • Place hold
  • Print
  • Cite
  • Add to your cart (remove)
  • Save record
    BIBTEX Dublin Core MARCXML MARC (non-Unicode/MARC-8) MARC (Unicode/UTF-8) MARC (Unicode/UTF-8, Standard) MODS (XML) RIS
  • More searches
    Search for this title in:
    Other Libraries (WorldCat) Other Databases (Google Scholar) Online Stores (Bookfinder.com) Open Library (openlibrary.org)

Exporting to Dublin Core...

SOUTHVILLE LIBRARY

Southville International School and Colleges Library

1281 Tropical Ave. Cor. Luxembourg St., BF Homes International, Las Pinas City

Tel. No. 8256374 / 252358 Loc. 117/146

Powered by Koha